| 000 | 004920000a22001810004500 | ||
|---|---|---|---|
| 090 |
_aAR _b01718 |
||
| 245 | 1 | 0 | _aClima |
| 650 | 1 | 4 |
_aClima _992779 |
| 650 | 1 | 4 |
_aEcología _992250 |
| 650 | 1 | 4 |
_aPrecipitación _99168 |
| 650 | 1 | 4 |
_aComunidades bióticas _995143 |
| 651 | 4 |
_mSanta Leticia _dHuila _pColombia _992749 |
|
| 041 | 0 | _aEspañol | |
| 700 | 1 |
_aEspejo B., Nohora Esperanza _994739 |
|
| 100 | 1 |
_aRangel Ch., J. Orlando _992819 |
|
| 942 | _cARTICULO | ||
| 773 | 1 |
_tPreprint _33 _q236-255 _d1990? |
|
| 999 |
_c10797 _d10797 |
||